00735nam a2200241 a 4500001001300000003000900013005001700022008004100039020002300080082001800103100002100121245006100142260004000203300000900243500003500252505001400287650002000301700002100321902000800342942000700350952011900357999001700476nice12345678IN_TiNIC20260116013855.0050524s2000 newa grp 000 0 eng  a8170206 c89500a294.542bSAD4 aSadhu, Santideva aAssetic Mysticismb Puranic Records of Shiva and Shakti. aNew DelhibCosmo Publicationsc2000 a330p aincludes index and biblioraphy2 afootnotes aMysticism-Hindu1 aSadhu, Santideva bSRS cBK 001040708StackRoom-aHMIbHMId2007-07-24g895.00l0o294.542 SAD4p019734r2007-07-24v895.00w2005-05-24yBK c12901d12901